00638nas a2200217 a 4500001001000000003000900010005001700019008004100036040003300077041000800110043001200118245002500130260006100155300002400216310001400240362003200254500003500286500006700321942001500388999001700403000016659DO-SdBNP20240906105355.0100308c19979999dr br1p 0 0spa d aDO-SdBNPbSPAcDO-SdBNPerda hspa anwdr---00aBoletín portuario. aSanto Domingo :bAutoridad Portuaria Dominicana,c1997-. av. :bil. ;c28 cm. aBimensual0 aAño 1. No. 1 (ene. 1997-) aTítulo tomado de la cubierta aÓrgano de información de la Autoridad Portuaria Dominicana 2ddccISSUE c16192d16192